Statistics for American TV by Clue #2

Click here to take the quiz!

General Stats

  • This quiz has been taken 7,119 times
  • The average score is 12 of 20

Answer Stats

Clues Show % Correct
I'll be there for you, Central Perk, Chick and duckFriends
97%
Tom Cruise in the closet, Colorado, Kenny diesSouth Park
77%
Zip Code, Old-Looking Teens, Aaron SpellingBeverly Hills, 90210
74%
Everyone knows your name, Norm!, BostonCheers
72%
Texas, Who Shot J.R.?, Oil MoneyDallas
70%
Georgia, Post-Apocalyptic, BRAAINNNS!The Walking Dead
68%
Jim Henson, Garbage dweller, Mathematical vampireSesame Street
66%
Tribbles, Romulans, PhasersStar Trek
65%
DJ Jazzy Jeff, Butler Geoffrey, One Little Fight = Scared MomThe Fresh Prince of Bel-Air
65%
Witchcraft, Nose twist, Two different DarrinsBewitched
59%
Hawaii, Mustache, Private EyeMagnum P.I.
57%
Blood spatter analyst, Slides in AC, PsychoDexter
53%
Mexican robot, Slurm, Year 3000Futurama
53%
Enhance, Who are you?, VegasCSI
52%
Vicodin, Lupus, Everbody liesHouse M.D.
46%
Blue creatures, Bad gender ratio, BelgiumThe Smurfs
45%
Secret agents, Excellent mask technology, Self-destructing messagesMission Impossible
43%
Hellmouth, Joss Whedon, Scooby GangBuffy the Vampire Slayer
38%
Fly Girls, Homie don't play that, Fire Marshal BillIn Living Color
32%
Moroccan Christmas, Beets, PaperThe Office
27%

Score Distribution

Percentile by Number Answered

Percent of People with Each Score

Your Score History

You have not taken this quiz